Tiché roky /
Román současné populární autorky je psychologickou úvahou nad složitostí rodinných vztahů, jejichž komplikace tkví hlavně ve vzájemném neporozumění a odcizení.
Uloženo v:
| Hlavní autor: | |
|---|---|
| Médium: | E-kniha |
| Jazyk: | Czech |
| Vydáno: |
Brno :
Host,
2019
|
| Vydání: | První vydání |
| Témata: | |
| Tagy: |
Žádné tagy |
| LEADER | 02548nam a2200373 i 4500 | ||
|---|---|---|---|
| 001 | 301469 | ||
| 003 | CZ PrSKC | ||
| 005 | 20260430063208.0 | ||
| 007 | ta | ||
| 008 | 190424s2019 xr g 000 f cze | ||
| 015 | |a cnb003093546 | ||
| 020 | |a 9788075779113 |q (vázáno) | ||
| 035 | |a (OCoLC)1111977952 | ||
| 040 | |a ABG001 |b cze |e rda | ||
| 072 | 7 | |a 821.162.3-3 |x Česká próza |2 Konspekt | |
| 080 | |a 821.162.3-31 |2 MRF | ||
| 080 | |a (0:82-31) |2 MRF | ||
| 100 | 1 | |a Mornštajnová, Alena, |d 1963- |7 ola2007364886 |4 aut | |
| 245 | 1 | 0 | |a Tiché roky / |c Alena Mornštajnová |
| 250 | |a První vydání | ||
| 264 | 1 | |a Brno : |b Host, |c 2019 | |
| 300 | |a 295 stran ; |c 21 cm | ||
| 336 | |a text |b txt |2 rdacontent | ||
| 337 | |a bez média |b n |2 rdamedia | ||
| 338 | |a svazek |b nc |2 rdacarrier | ||
| 500 | |a Dotisk v roce 2019 a 2020 | ||
| 520 | 2 | |a Román současné populární autorky je psychologickou úvahou nad složitostí rodinných vztahů, jejichž komplikace tkví hlavně ve vzájemném neporozumění a odcizení. |b Román Aleny Mornštajnové se odehrává ve dvou liniích. V té první nacházíme třináctiletou Bohdanu, která navštíví v nemocnici umírající babičku. Ta ji ovšem osloví úplně jiným jménem a Bohdana náhle zjistí, že o své rodině vůbec nic neví. A tak se stává "sběratelkou vzpomínek" a ve "šňůře následujících let" se pokouší zjistit pravdu o rodinné historii, o událostech, které do ní zásáhly nebo ji výrazným způsobem ovlivnily. Zásadní postavou se pak v Bohdanině pátrání stává její otec Svatopluk, jenž je hlavním hrdinou druhé řady příběhu. Se Svatoplukem žije Bohdana v napjatém vztahu, což je možná způsobeno i jeho kontroverzní minulostí, zasvěcené práci pro komunistickou stranu. Svatopluk ovšem v žádném případě Bohdaniny výtky a odlišné názory nechápe: vždyť se přece vždy snažil o to, aby pro dceru připravil nejlepší podmínky pro oslnivou kariéru... | |
| 655 | 7 | |a české romány |7 fd133974 |2 czenas | |
| 655 | 9 | |a Czech fiction |2 eczenas | |
| 900 | |a ABA001 |b 19 | ||
| 044 | |a xr | ||
| 910 | |a RBIT002 | ||
| 998 | |d 184672 |a https://core.palmknihy.cz/api/books/184672/cover?pq5mbe |b https://core.palmknihy.cz/api/books/184672/cover/400?pq5mbe |c https://core.palmknihy.cz/api/books/184672/cover/50?pq5mbe |e 2026-12-31 |g 296 |i 9788075779113 |j https://core.palmknihy.cz/api/books/184672/preview.epub |k https://core.palmknihy.cz/api/books/184672/preview.pdf |l |q 49 |r 1 |s https://www.palmknihy.cz/kniha/184672 |t ebook |y 2019 |z 0 | ||
| 999 | |d 301467 | ||